000 00413nam a22001577a 4500
008 250325b |||||||| |||| 00| 0 eng d
020 _a9780323497237
050 _aRM301.12
_b.M67
100 _aMoscou Kathy
245 _aWorkbook for pharmacology for pharmacy technicians
250 _a3rd
260 _aMissouri
_bElsevier
_c2019
300 _avi,223p
650 _aPharmacology Handbook Manuals
942 _cBK
999 _c2664
_d2664